000 00280nam a22000977a 4500
082 _a621.381542 PHO'H
245 _aPHOTOFACT ANNUAL INDEX INDEX TO THE AUTHORITATIVE SERVICE DATA FOR THE ELECTRONICS INDUSTRY
260 _aUSA
_bHOWARD W. SAMS
_c1970
300 _a135P
942 _cBK
999 _c584814
_d584814